|
|
|
|
| LEADER |
01604nam a2200409 i 4500 |
| 001 |
001792944 |
| 003 |
CZ BrMZK |
| 005 |
20210920065914.0 |
| 007 |
ta |
| 008 |
210608s2002 xr e p 000 0 cze |
| 020 |
|
|
|q (Brožováno)
|
| 040 |
|
|
|a BOA001
|b cze
|e rda
|
| 043 |
|
|
|a e-xr---
|
| 072 |
|
7 |
|a 614.84
|x Požáry. Ochrana před požáry
|2 Konspekt
|9 14
|
| 072 |
|
7 |
|a 37.016
|x Učební osnovy. Vyučovací předměty. Učebnice
|2 Konspekt
|9 22
|
| 080 |
|
|
|a 614.84
|2 MRF
|
| 080 |
|
|
|a 351.78
|2 MRF
|
| 080 |
|
|
|a 002
|2 MRF
|
| 080 |
|
|
|a (437.3)
|2 MRF
|
| 080 |
|
|
|a (075)
|2 MRF
|
| 100 |
1 |
|
|a Martinek, Josef
|7 jx20050817013
|4 aut
|
| 245 |
1 |
0 |
|a Dokumentace požární ochrany
|b podle vyhlášky MV ČR č. 246/2001 Sb. o stanovení podmínek požární bezpečnosti a výkonu státního požárního dozoru (vyhláška o požární prevenci) : skripta /
|c zpracoval: Josef Martinek ; spolupracovali: Karel Hanák, Andrea Dítětová
|
| 250 |
|
|
|a Vydání: první
|
| 264 |
|
1 |
|a Rožnov pod Radhoštěm :
|b RoVS - Rožnovský vzdělávací servis,
|c 2002
|
| 300 |
|
|
|a 187 stran ;
|c 29 cm
|
| 336 |
|
|
|a text
|b txt
|2 rdacontent
|
| 337 |
|
|
|a bez média
|b n
|2 rdamedia
|
| 338 |
|
|
|a svazek
|b nc
|2 rdacarrier
|
| 650 |
0 |
7 |
|a požární ochrana
|7 ph124487
|z Česko
|2 czenas
|
| 650 |
0 |
7 |
|a dokumentace
|7 ph164220
|z Česko
|2 czenas
|
| 655 |
|
7 |
|a učebnice
|7 fd133770
|2 czenas
|
| 700 |
1 |
|
|a Hanák, Karel
|4 aut
|
| 700 |
1 |
|
|a Dítětová, Andrea
|4 aut
|
| 910 |
|
|
|a BOA001
|b 4-1466.572
|
| 990 |
|
|
|a BK
|
| 991 |
|
|
|b 202109
|
| 996 |
6 |
|
|b 2610871356
|c 4-1466.572
|l MZK
|r Sklad / do 1 hodiny
|n 1
|p dar
|w 001857090
|u 000010
|a 1
|e BOA001
|j MZK50
|s P
|